000
00339nam a2200145Ia 4500
008
191201s2011 xx 000 0 und d
082
_a
629.831
_b
KUD
100
_a
KUO, Benjamin C
245
0
_a
Digital Control Systems
250
_a
Imp
260
_a
N. Delhi
_b
Oxford
_c
2011
300
_a
751
650
_a
M.Tech (ECE)
942
_2
ddc
_c
BK
999
_c
5005
_d
5005